1001 things to spot in the sea / (Record no. 480)

MARC details
000 -LEADER
fixed length control field 01358cam a22003614a 4500
005 - DATE AND TIME OF LATEST TRANSACTION
control field 20230629080122.0
020 ## - INTERNATIONAL STANDARD BOOK NUMBER
International Standard Book Number 0439643953 (pbk.)
020 ## - INTERNATIONAL STANDARD BOOK NUMBER
International Standard Book Number 9780439643955
040 ## - CATALOGING SOURCE
Original cataloging agency DLC
Transcribing agency DLC
Modifying agency DLC
-- FISKH
Language of cataloging eng
050 00 - LIBRARY OF CONGRESS CALL NUMBER
Classification number QL122.2
Item number .D39 2004
082 00 - DEWEY DECIMAL CLASSIFICATION NUMBER
Classification number 591.77
-- [E]
Edition number 22
100 1# - MAIN ENTRY--PERSONAL NAME
Personal name Daynes, Katie.
245 10 - TITLE STATEMENT
Title 1001 things to spot in the sea /
Statement of responsibility, etc. Katie Daynes ; illustrated by Teri Gower ; designed by Natacha Goransky, edited by Anna Milbourne ; natural history consultant, Margaret Rostron.
246 3# - VARYING FORM OF TITLE
Title proper/short title One thousand one things to spot in the sea
260 ## - PUBLICATION, DISTRIBUTION, ETC.
Place of publication, distribution, etc. New York :
Name of publisher, distributor, etc. Scholastic, Inc.,
Date of publication, distribution, etc. 2004.
300 ## - PHYSICAL DESCRIPTION
Extent 32 pages :
Other physical details color illustrations ;
Dimensions 28 cm.
505 ## - FORMATTED CONTENTS NOTE
Formatted contents note F
520 ## - SUMMARY, ETC.
Summary, etc. Presents sea creatures and items and activities associated with the ocean to be counted, from penguins and polar bears to canoes and coconuts.
521 ## - TARGET AUDIENCE NOTE
Target audience note 400 <br/>
Source Lexile NP
521 ## - TARGET AUDIENCE NOTE
Target audience note F <br/>
Source Raz-Plus
650 #0 - SUBJECT ADDED ENTRY--TOPICAL TERM
Topical term or geographic name entry element Marine animals
Form subdivision Juvenile literature.
650 #0 - SUBJECT ADDED ENTRY--TOPICAL TERM
Topical term or geographic name entry element Counting
Form subdivision Juvenile literature.
650 #0 - SUBJECT ADDED ENTRY--TOPICAL TERM
Topical term or geographic name entry element Picture puzzles
Form subdivision Juvenile literature.
650 #1 - SUBJECT ADDED ENTRY--TOPICAL TERM
Topical term or geographic name entry element Marine animals.
650 #1 - SUBJECT ADDED ENTRY--TOPICAL TERM
Topical term or geographic name entry element Counting.
650 #1 - SUBJECT ADDED ENTRY--TOPICAL TERM
Topical term or geographic name entry element Picture puzzles.
700 1# - ADDED ENTRY--PERSONAL NAME
Personal name Gower, Teri,
Relator term ill.
700 1# - ADDED ENTRY--PERSONAL NAME
Personal name Milbourne, Anna.
906 ## - LOCAL DATA ELEMENT F, LDF (RLIN)
a 0
b ibc
c orignew
d 2
e ncip
f 20
g y-gencatlg
942 ## - ADDED ENTRY ELEMENTS (KOHA)
Source of classification or shelving scheme Dewey Decimal Classification
Koha item type Books
Suppress in OPAC No
999 ## -
-- 480
-- 480
Holdings
Withdrawn status Lost status Source of classification or shelving scheme Damaged status Not for loan Collection Home library Current library Shelving location Date acquired Total Checkouts Full call number Barcode Date last seen Date last checked out Copy number Price effective from Koha item type Date due
    Dewey Decimal Classification     Juvenile Fiction Footprints International School Library Network Toul Kork Campus Footprints International School Library Network Toul Kork Campus TK Primary Library Room(4th Floor), Bookcase 1&2, Shelves 1-16, Dark Blue Books 04/28/2023 9 DAY 551.45 QL122.D39 FISBK06170 03/05/2026 02/26/2026 1 04/28/2023 Books  
    Dewey Decimal Classification     Juvenile Fiction Footprints International School Library Network Toul Kork Campus Footprints International School Library Network Toul Kork Campus TK Primary Library Room(4th Floor), Bookcase 1&2, Shelves 1-16, Dark Blue Books 07/04/2024 4 DAY 551.45 QL122.D39 FISTK00679 10/16/2025 09/11/2025 2 07/04/2024 Books  
    Dewey Decimal Classification     Juvenile Fiction Footprints International School Library Network Toul Tom Poung Campus Footprints International School Library Network Toul Tom Poung Campus TTP Primary Dark Blue Bookshelves 07/22/2025 1 DAY 551.45 QL122.D39 FIS01822 01/14/2026 01/14/2026 3 07/22/2025 Books 01/28/2026